[Event "World Cup U16 Prel"]
[Site "Tornelo INT"]
[Date "2021.08.16"]
[Round "9"]
[White "Briones Espino, Martin Daniel"]
[Black "Rousis, Chrysostomos"]
[Result "1-0"]
[WhiteElo "1523"]
[BlackElo "1779"]
[PlyCount "63"]
[EventDate "2021.08.16"]
[EventType "swiss (rapid)"]
[EventRounds "10"]
[EventCountry "NET"]
[SourceTitle "EXT 2025"]
[Source "ChessBase"]
[SourceDate "2024.10.14"]
[SourceVersion "1"]
[SourceVersionDate "2024.10.14"]
[SourceQuality "1"]

1. e4 c5 2. Nf3 d6 3. d4 cxd4 4. c3 dxc3 5. Nxc3 a6 6. Bc4 e6 7. Qe2 b5 8. Bb3 Be7 9. 0-0 Nc6 10. Rd1 Qc7 11. Bf4 Nf6 12. Rac1 Qb8 13. e5 Nxe5 14. Nxe5 dxe5 15. Bxe5 Qb7 16. Bxf6 gxf6 17. Ne4 0-0 18. Qh5 Kh8 19. Nxf6 Bxf6 20. Bc2 Qxg2+ 21. Kxg2 Rg8+ 22. Kf1 Rg7 23. Be4 Rb8 24. Rc7 e5 25. Rxf7 Bg4 26. Rxg7 Bxh5 27. Rxh7+ Kg8 28. Rxh5 Rc8 29. Rd7 Rc4 30. Bd5+ Kf8 31. Bxc4 bxc4 32. Rc7 1-0

[Event "World Cup U16 Prel"]
[Site "Tornelo INT"]
[Date "2021.08.16"]
[Round "5"]
[White "Khalifah, Khaled"]
[Black "Briones Espino, Martin Daniel"]
[Result "0-1"]
[WhiteElo "1860"]
[BlackElo "1523"]
[PlyCount "66"]
[EventDate "2021.08.16"]
[EventType "swiss (rapid)"]
[EventRounds "10"]
[EventCountry "NET"]
[SourceTitle "EXT 2025"]
[Source "ChessBase"]
[SourceDate "2024.10.14"]
[SourceVersion "1"]
[SourceVersionDate "2024.10.14"]
[SourceQuality "1"]

1. d4 Nf6 2. Nf3 g6 3. Bf4 d5 4. e3 Bg7 5. c4 c5 6. Nc3 0-0 7. dxc5 Ne4 8. Be5 Nxc3 9. bxc3 dxc4 10. Qxd8 Rxd8 11. Bxc4 Nc6 12. Bxg7 Kxg7 13. Nd4 Ne5 14. Be2 Rd5 15. f4 Ng4 16. Bxg4 Bxg4 17. Rb1 Rxc5 18. Rxb7 Rxc3 19. Kf2 Kf6 20. h3 Bc8 21. Rb2 Ba6 22. g4 h6 23. h4 Rac8 24. g5+ hxg5 25. hxg5+ Kg7 26. Rh3 Ra3 27. Rf3 Ra4 28. f5 Rc1 29. f6+ exf6 30. gxf6+ Kh6 31. Ne6 fxe6 32. f7 Rf1+ 33. Kg2 Rg4+ 0-1

[Event "Pan American-ch School U15"]
[Site "Medellin"]
[Date "2019.11.12"]
[Round "2"]
[White "Ortega Lopez, Mateo"]
[Black "Briones Espino, Martin Daniel"]
[Result "0-1"]
[WhiteElo "1194"]
[BlackElo "1522"]
[PlyCount "72"]
[EventDate "2019.11.12"]
[EventType "swiss"]
[EventRounds "9"]
[EventCountry "COL"]
[SourceTitle "CBM 193 Extra"]
[Source "ChessBase"]
[SourceDate "2020.01.31"]
[SourceVersion "1"]
[SourceVersionDate "2020.01.31"]
[SourceQuality "1"]

1. e4 c5 2. Nf3 e6 3. d3 Qc7 4. g3 Nc6 5. Bg2 b5 6. 0-0 Bb7 7. a4 b4 8. Re1 d6 9. Nbd2 Nf6 10. Nc4 a5 11. d4 cxd4 12. Nxd4 Nxd4 13. Qxd4 Rc8 14. b3 Ba6 15. Bf1 Bxc4 16. Bxc4 e5 17. Qd3 Be7 18. f3 0-0 19. Be3 Nd7 20. Rac1 Nc5 21. Qd2 Kh8 22. c3 bxc3 23. Qxc3 f5 24. Bd5 f4 25. Bd2 fxg3 26. hxg3 Qd7 27. Qe3 Qh3 28. Qf2 Nd3 29. Qg2 Qxg2+ 30. Kxg2 Nxe1+ 31. Rxe1 Rc2 32. Re2 Bg5 33. Bxg5 Rxe2+ 34. Kf1 Rb2 35. f4 exf4 36. Bxf4 g5 0-1